A first look at communication theory

Main Author: Griffin, Emory A
Published: New York, NY: McGraw-Hill, 2012.
Edition: 8th ed.
Subjects:
LEADER 00743cam a2200205 7i4500
001 0000042604
005 20230612090000.0
020 |a 0071086420 (pbk.)  
020 |a 9780071086424 (pbk.)  
090 0 0 |a P90   |b .G75 2012 
100 1 |a Griffin, Emory A  
245 1 2 |a A first look at communication theory   |c Em Griffin. 
250 |a 8th ed. 
260 |a New York, NY:   |b McGraw-Hill,   |c 2012. 
300 |a xv, 486 p.:   |b ill.;   |c 25 cm. 
650 0 0 |a Communication --   |x Philosophy  
997 |a Communication, Visual Art & Computing, Faculty  |b Communication, Department 
998 |a Communication (Corporate Communication), Degree 
999 |a 0000052259  |b BOK  |c OPEN SHELF  |e 1st Floor, Shah Alam 
999 |a 0000057778  |b BOK  |c OPEN SHELF  |e 1st Floor, Bestari Jaya